000 00529cam a2200205ua 4500
001 7354
005 20260515114211.0
008 141208n ii |||gr||||Z||||||ben
040 _cMAIN
041 _aben
082 _a891.44
100 _aHaldar, G.,
_eAuthor.,
245 1 _aBangla sahityer rup-rekha :
_b1st vol. /
_cBy Gopal Haldar .
250 _a1st.
260 _aKolkatta:
_bA.Mukherji,
_c1964.
300 _a248p.
653 _aEast Indo-European & Celtic literatures
653 _aBengali literature
942 _cBK
999 _c6474
_d6474